Možnosti zdokonaľovania vnútropodnikového manažmentu výroby

Charakteristika vnútropodnikového manažmentu výroby. Nedostatky vyplývajúce z analýzy vnútropodnikového manažmentu výroby vo vybraných podnikoch. Možnosti riešenia zistených problémov.

Salvato in:
Dettagli Bibliografici
Autore principale: Rakovská, Júlia, 1972-
Natura: Capitolo di libro
Lingua:slovacco
Soggetti:
Tags: Aggiungi Tag
Nessun Tag, puoi essere il primo ad aggiungerne!!

MARC

LEADER 00000nla$a2200000$$$4500
001 0143128
005 20240502072551.2
041 0 |a slo 
044 |a SK 
245 1 0 |a Možnosti zdokonaľovania vnútropodnikového manažmentu výroby  |c Júlia Rakovská 
520 |a Charakteristika vnútropodnikového manažmentu výroby. Nedostatky vyplývajúce z analýzy vnútropodnikového manažmentu výroby vo vybraných podnikoch. Možnosti riešenia zistených problémov. 
610 2 0 |a riadenie vnútropodnikové 
610 2 0 |a riadenie výroby 
610 2 0 |a podnik výrobný 
610 2 0 |a dodávatelia 
610 2 0 |a odberatelia 
610 2 0 |a zásoby 
610 2 0 |a nákup 
610 2 0 |a výroba 
610 2 0 |a predaj 
100 1 |a Rakovská, Júlia, 1972-